[Event "Titled Tuesday intern op 28th May Late"]
[Site "Chess.com INT"]
[Date "2024.05.28"]
[Round "2"]
[White "Foerster Yialamas, Lucas"]
[Black "Dias, Joao Batista de Sou"]
[Result "1-0"]
[WhiteElo "2116"]
[BlackElo "1848"]
[PlyCount "79"]
[EventDate "2024.05.28"]
[EventType "swiss (blitz)"]
[EventRounds "11"]
[EventCountry "USA"]
[SourceTitle "EXT 2025"]
[Source "ChessBase"]
[SourceDate "2024.10.14"]
[SourceVersion "1"]
[SourceVersionDate "2024.10.14"]
[SourceQuality "1"]

1. e4 c5 2. Nf3 d6 3. d4 cxd4 4. Nxd4 Nc6 5. Bb5 Bd7 6. Nc3 Nf6 7. Bg5 e6 8. 0-0 Be7 9. Qd2 0-0 10. Rad1 Ne5 11. Be2 Ng6 12. f4 a6 13. f5 exf5 14. Nxf5 Bxf5 15. exf5 Ne5 16. Bxf6 gxf6 17. Nd5 Kh8 18. Qh6 Rg8 19. Rf4 Rg7 20. Rh4 Rc8 21. c3 b5 22. Rdd4 Qf8 23. Rh5 Bd8 24. Rdh4 Qg8 25. g3 Rc5 26. Nxf6 Bxf6 27. Qxf6 Nd7 28. Qxd6 f6 29. Re4 Re5 30. Rxe5 Nxe5 31. Qxf6 Qd5 32. Qf8+ Rg8 33. Qe7 Rg7 34. Qh4 Nf3+ 35. Bxf3 Qxf3 36. Qd8+ Rg8 37. Qd4+ Rg7 38. Rg5 Qb7 39. f6 Rf7 40. Qd8+ 1-0

[Event "Titled Tuesday intern op 28th May Late"]
[Site "Chess.com INT"]
[Date "2024.05.28"]
[Round "3"]
[White "Foerster Yialamas, Lucas"]
[Black "Martin Fuentes, Alberto"]
[Result "0-1"]
[WhiteElo "2116"]
[BlackElo "2375"]
[PlyCount "72"]
[EventDate "2024.05.28"]
[EventType "swiss (blitz)"]
[EventRounds "11"]
[EventCountry "USA"]
[SourceTitle "EXT 2025"]
[Source "ChessBase"]
[SourceDate "2024.10.14"]
[SourceVersion "1"]
[SourceVersionDate "2024.10.14"]
[SourceQuality "1"]

1. e4 e6 2. d4 d5 3. Nc3 Bb4 4. e5 Ne7 5. Qg4 Ng6 6. h4 h5 7. Qg3 Nc6 8. Nf3 Nce7 9. Bg5 c5 10. a3 Bxc3+ 11. bxc3 cxd4 12. cxd4 Qa5+ 13. Nd2 Nf5 14. Qd3 Bd7 15. f3 a6 16. c4 dxc4 17. Qxc4 Rc8 18. Qd3 Bb5 19. Qe4 Qc3 20. Bxb5+ axb5 21. 0-0 Ng3 22. Qxb7 Qxd4+ 23. Rf2 Qxa1+ 24. Kh2 0-0 25. Kxg3 Qxe5+ 26. f4 Rc3+ 27. Nf3 Qf5 28. Qb6 f6 29. Qd4 Rd3 30. Qb4 fxg5 31. fxg5 Ne5 32. Kh2 Nxf3+ 33. Rxf3 Rxf3 34. gxf3 Qxf3 35. Qd2 Qf2+ 36. Qxf2 Rxf2+ 0-1

[Event "Titled Tuesday intern op 28th May Late"]
[Site "Chess.com INT"]
[Date "2024.05.28"]
[Round "1"]
[White "Llorente Zaro, Alfonso"]
[Black "Foerster Yialamas, Lucas"]
[Result "1-0"]
[WhiteElo "2440"]
[BlackElo "2116"]
[PlyCount "153"]
[EventDate "2024.05.28"]
[EventType "swiss (blitz)"]
[EventRounds "11"]
[EventCountry "USA"]
[SourceTitle "EXT 2025"]
[Source "ChessBase"]
[SourceDate "2024.10.14"]
[SourceVersion "1"]
[SourceVersionDate "2024.10.14"]
[SourceQuality "1"]

1. e4 e5 2. Nf3 Nf6 3. d3 d5 4. Nbd2 Bg4 5. Be2 dxe4 6. dxe4 Nc6 7. c3 a5 8. 0-0 Bc5 9. Bb5 0-0 10. Bxc6 bxc6 11. Qe2 Qe7 12. h3 Bh5 13. Nc4 Bg6 14. Bg5 Rfe8 15. Nfxe5 h6 16. Nxg6 fxg6 17. Bxf6 Qxf6 18. Kh1 Re6 19. Rad1 Bb6 20. Nxb6 cxb6 21. f3 Rd8 22. Rxd8+ Qxd8 23. Rd1 Rd6 24. Qc4+ Kh7 25. Rd4 b5 26. Qxc6 Rxd4 27. cxd4 Qxd4 28. Qxb5 Qe3 29. Qe5 a4 30. Qc3 Qf2 31. Kh2 h5 32. Qe5 Qd2 33. Qc3 Qf2 34. a3 h4 35. Qe5 Qd2 36. Kg1 Qe1+ 37. Kh2 Qd2 38. f4 Qf2 39. Qg5 Kg8 40. e5 Kf7 41. Qg4 Kf8 42. Qc8+ Ke7 43. Qc7+ Ke8 44. Qb8+ Ke7 45. Qd6+ Kf7 46. e6+ Kf6 47. Qe5+ Ke7 48. Qxg7+ Kxe6 49. Qxg6+ Ke7 50. Qe4+ Kf6 51. Qe5+ Kf7 52. f5 Kf8 53. Qf6+ Ke8 54. Qe6+ Kf8 55. Qh6+ Kf7 56. Qg6+ Kf8 57. Qf6+ Ke8 58. Qc6+ Ke7 59. Qe4+ Kf7 60. Qg4 Qxb2 61. Qxh4 Qxa3 62. Qh5+ Kf8 63. Qh6+ Ke7 64. Qe6+ Kd8 65. f6 Qc5 66. f7 Qc7+ 67. Kg1 Qc1+ 68. Kf2 Qd2+ 69. Kf3 Qd3+ 70. Kg4 Qd4+ 71. Kh5 Qh8+ 72. Kg6 Qf8 73. Qf6+ Kd7 74. Qd4+ Ke6 75. Qe4+ Kd6 76. Qb4+ Ke6 77. Qxf8 1-0

[Event "Titled Tuesday intern op 28th Nov Early"]
[Site "Chess.com INT"]
[Date "2023.11.28"]
[Round "3"]
[White "Castillo Pena, Patricia Evarista"]
[Black "Foerster Yialamas, Lucas"]
[Result "0-1"]
[WhiteElo "1786"]
[BlackElo "2175"]
[PlyCount "96"]
[EventDate "2023.11.28"]
[EventType "swiss (blitz)"]
[EventRounds "11"]
[EventCountry "USA"]
[SourceTitle "EXT 2025"]
[Source "ChessBase"]
[SourceDate "2024.10.14"]
[SourceVersion "1"]
[SourceVersionDate "2024.10.14"]
[SourceQuality "1"]

1. d4 d5 2. Nf3 Nf6 3. e3 e6 4. Bd3 c5 5. b3 a6 6. Bb2 b5 7. c4 dxc4 8. bxc4 cxd4 9. exd4 bxc4 10. Bxc4 Be7 11. 0-0 0-0 12. Nc3 Bb7 13. Rb1 Qd6 14. Na4 Nbd7 15. Nc5 Nxc5 16. dxc5 Qxc5 17. Bd3 Qc6 18. Rc1 Qd5 19. Qe2 Ng4 20. Rfd1 Qh5 21. h3 Nf6 22. Ne5 Qxe2 23. Bxe2 Nd5 24. Bf3 Rac8 25. Nd7 Rfd8 26. Bxd5 Rxc1 27. Rxc1 Bxd5 28. Nb6 Bxa2 29. Be5 f6 30. Bg3 e5 31. Rc7 Bb4 32. Nc4 Rd1+ 33. Kh2 Rc1 34. Rc8+ Bf8 35. Nd6 Rxc8 36. Nxc8 Bc5 37. f4 Be6 38. fxe5 Bxc8 39. exf6 gxf6 40. Bc7 Kf7 41. Kg3 Ke6 42. Kf4 Bd6+ 43. Bxd6 Kxd6 44. Ke3 a5 45. Kd4 a4 46. Kc4 Ke5 47. Kb4 Kf4 48. Kxa4 Kg3 0-1

[Event "Titled Tuesday intern op 28th Nov Early"]
[Site "Chess.com INT"]
[Date "2023.11.28"]
[Round "4"]
[White "Foerster Yialamas, Lucas"]
[Black "Poormosavi, Seyed Kian"]
[Result "0-1"]
[WhiteElo "2175"]
[BlackElo "2382"]
[PlyCount "60"]
[EventDate "2023.11.28"]
[EventType "swiss (blitz)"]
[EventRounds "11"]
[EventCountry "USA"]
[SourceTitle "EXT 2025"]
[Source "ChessBase"]
[SourceDate "2024.10.14"]
[SourceVersion "1"]
[SourceVersionDate "2024.10.14"]
[SourceQuality "1"]

1. e4 c6 2. d4 d5 3. e5 c5 4. dxc5 e6 5. a3 Bxc5 6. Bd3 Nc6 7. Nf3 f6 8. b4 Be7 9. Bb2 Nh6 10. Nh4 0-0 11. Qh5 fxe5 12. Ng6 hxg6 13. Qxg6 Nf5 14. g4 e4 15. gxf5 Bf6 16. Bxf6 Rxf6 17. Qg5 exd3 18. cxd3 Rxf5 19. Qg3 Qf6 20. Ra2 Bd7 21. Rg1 Rf8 22. Rc2 Nd4 23. Rc7 Nf3+ 24. Kf1 Nxh2+ 25. Kg2 Rxf2+ 26. Kh1 Qh6 27. Qxg7+ Qxg7 28. Rxg7+ Kxg7 29. Rxd7+ R8f7 30. Rxf7+ Kxf7 0-1

[Event "Heusenstamm Sparkassen op-A 9th"]
[Site "Heusenstamm"]
[Date "2023.11.25"]
[Round "5"]
[White "Foerster Yialamas, Lucas"]
[Black "Tschernatsch, Johannes"]
[Result "0-1"]
[WhiteElo "2175"]
[BlackElo "2312"]
[PlyCount "102"]
[EventDate "2023.11.23"]
[EventType "swiss"]
[EventRounds "7"]
[EventCountry "GER"]
[SourceTitle "CBM 217 Extra"]
[Source "ChessBase"]
[SourceDate "2024.01.31"]
[SourceVersion "1"]
[SourceVersionDate "2024.01.31"]
[SourceQuality "1"]

1. e4 c5 2. Nf3 d6 3. d4 cxd4 4. Nxd4 Nf6 5. Nc3 a6 6. f3 e5 7. Nb3 Be7 8. Be3 Be6 9. Qd2 h5 10. Nd5 Nxd5 11. exd5 Bf5 12. Bd3 Bxd3 13. Qxd3 Bg5 14. Bf2 Nd7 15. h4 Bh6 16. Nd2 Rc8 17. 0-0-0 b5 18. Kb1 Bxd2 19. Rxd2 Qc7 20. Re1 0-0 21. g4 Nf6 22. gxh5 Nxh5 23. Qf5 g6 24. Rg1 Kh7 25. Qg5 Qd8 26. Qe3 Rc4 27. Qa7 a5 28. Qa6 Rf4 29. Qxb5 Rxf3 30. Qe2 Qf6 31. c4 Qf5+ 32. Ka1 e4 33. Be3 Ng3 34. Qe1 Rf1 35. Rxf1 Qxf1 36. Rd1 Qxe1 37. Rxe1 Re8 38. Bf4 Nf5 39. Kb1 e3 40. c5 dxc5 41. Bxe3 Nxe3 42. d6 f5 43. d7 Rd8 44. Rxe3 Rxd7 45. Re5 f4 46. Re1 Kh6 47. Rf1 Rd4 48. Kc2 Kh5 49. Rg1 f3 50. Rf1 Kg4 51. Rg1+ Kh3 0-1

[Event "Heusenstamm Sparkassen op-A 9th"]
[Site "Heusenstamm"]
[Date "2023.11.24"]
[Round "2"]
[White "Mester, Philipp"]
[Black "Foerster Yialamas, Lucas"]
[Result "0-1"]
[WhiteElo "1806"]
[BlackElo "2175"]
[PlyCount "68"]
[EventDate "2023.11.23"]
[EventType "swiss"]
[EventRounds "7"]
[EventCountry "GER"]
[SourceTitle "CBM 217 Extra"]
[Source "ChessBase"]
[SourceDate "2024.01.31"]
[SourceVersion "1"]
[SourceVersionDate "2024.01.31"]
[SourceQuality "1"]

1. d4 Nf6 2. c4 g6 3. f3 e6 4. e4 c5 5. d5 Bg7 6. Nc3 d6 7. Nge2 exd5 8. cxd5 0-0 9. Ng3 Nbd7 10. Be2 h5 11. 0-0 Nh7 12. Be3 h4 13. Nh1 f5 14. exf5 gxf5 15. Qd2 Re8 16. Bh6 Bd4+ 17. Nf2 a6 18. Bd3 Qf6 19. Ne2 Bxb2 20. Rab1 Ba3 21. Ng4 Qf7 22. Qc2 Ndf6 23. Bxf5 Bxf5 24. Qxf5 Rxe2 25. Qd3 Rae8 26. Qxa3 Qxd5 27. Qc3 Qxa2 28. Rxb7 Rxg2+ 29. Kh1 Qe2 30. Rfb1 h3 31. Rg7+ Kh8 32. Rxh7+ Kxh7 33. Rb7+ Re7 34. Nxf6+ Kg6 0-1

[Event "Heusenstamm Sparkassen op-A 9th"]
[Site "Heusenstamm"]
[Date "2023.11.23"]
[Round "1"]
[White "Foerster Yialamas, Lucas"]
[Black "Benninger, Rudolf"]
[Result "1-0"]
[WhiteElo "2175"]
[BlackElo "1987"]
[PlyCount "75"]
[EventDate "2023.11.23"]
[EventType "swiss"]
[EventRounds "7"]
[EventCountry "GER"]
[SourceTitle "CBM 217 Extra"]
[Source "ChessBase"]
[SourceDate "2024.01.31"]
[SourceVersion "1"]
[SourceVersionDate "2024.01.31"]
[SourceQuality "1"]

1. e4 g6 2. d4 Bg7 3. Nc3 c5 4. Be3 Qa5 5. Qd2 Nf6 6. e5 cxd4 7. Bxd4 Ng4 8. e6 0-0 9. Bxg7 Kxg7 10. h3 Nf6 11. exf7 d5 12. Nf3 Nc6 13. 0-0-0 e5 14. a3 d4 15. Nb5 Qxd2+ 16. Rxd2 Rxf7 17. Ng5 Re7 18. Nd6 h6 19. Nge4 Be6 20. Bd3 Nxe4 21. Nxe4 Rc8 22. Re1 Na5 23. Kb1 Bc4 24. Nd6 Rc6 25. Nxc4 Nxc4 26. Bxc4 Rxc4 27. f4 e4 28. b3 e3 29. Rd3 Rc3 30. Rxd4 Rec7 31. Re2 Re7 32. Rd3 Rxd3 33. cxd3 Kf6 34. g4 Re6 35. Kc2 Ke7 36. Kc3 Kd6 37. Kd4 Rf6 38. Kxe3 1-0

[Event "Budapest Vezerkepzo Autumn IM"]
[Site "Budapest"]
[Date "2023.10.22"]
[Round "4"]
[White "Smith, Bryan G"]
[Black "Foerster Yialamas, Lucas"]
[Result "1-0"]
[WhiteElo "2386"]
[BlackElo "2157"]
[PlyCount "83"]
[EventDate "2023.10.19"]
[EventType "tourn"]
[EventRounds "9"]
[EventCountry "HUN"]
[SourceTitle "CBM 216 Extra"]
[Source "ChessBase"]
[SourceDate "2023.11.30"]
[SourceVersion "1"]
[SourceVersionDate "2023.11.30"]
[SourceQuality "1"]

1. d4 d5 2. Nc3 Nf6 3. Bf4 e6 4. Nb5 Na6 5. e3 c6 6. Nc3 Bb4 7. Bxa6 bxa6 8. Nge2 Nh5 9. a3 Nxf4 10. Nxf4 Bxc3+ 11. bxc3 Qa5 12. Qd2 c5 13. Nd3 c4 14. Nc5 Bd7 15. 0-0 Bc6 16. Rfb1 0-0 17. Rb4 Rab8 18. a4 Rxb4 19. cxb4 Qb6 20. a5 Qb5 21. c3 Bb7 22. f3 Qc6 23. e4 Bc8 24. Qf4 Bd7 25. Re1 Re8 26. h4 dxe4 27. Rxe4 f6 28. Qg3 Kf7 29. h5 g6 30. hxg6+ hxg6 31. Rh4 Rg8 32. Rh7+ Rg7 33. Rxg7+ Kxg7 34. Qb8 Bc8 35. Qxa7+ Kh6 36. Qe7 f5 37. Kf2 g5 38. Qf6+ Kh5 39. Qg7 e5 40. Qh8+ Kg6 41. Qxe5 g4 42. d5 1-0

[Event "Titled Tuesday intern op 05th Sep Early"]
[Site "Chess.com INT"]
[Date "2023.09.05"]
[Round "2"]
[White "Foerster Yialamas, Lucas"]
[Black "Belozerov, Andrei"]
[Result "1/2-1/2"]
[WhiteElo "2157"]
[BlackElo "2411"]
[PlyCount "154"]
[EventDate "2023.09.05"]
[EventType "swiss (blitz)"]
[EventRounds "11"]
[EventCountry "USA"]
[SourceTitle "EXT 2024"]
[Source "ChessBase"]
[SourceDate "2023.10.10"]
[SourceVersion "1"]
[SourceVersionDate "2023.10.10"]
[SourceQuality "1"]

1. e4 c5 2. d4 cxd4 3. Nf3 e5 4. c3 Nc6 5. cxd4 exd4 6. Nxd4 Nf6 7. Nc3 Bb4 8. Bc4 0-0 9. 0-0 Bxc3 10. bxc3 Nxe4 11. Ba3 Re8 12. Nb5 a6 13. Nd6 Nxd6 14. Bxd6 b5 15. Bxf7+ Kxf7 16. Qd5+ Kg6 17. Rae1 Bb7 18. f4 h6 19. Qd3+ Kf7 20. Qd5+ Kf6 21. g4 g6 22. Be5+ Nxe5 23. fxe5+ Kg7 24. Qxb7 Rb8 25. Qxa6 Qb6+ 26. Qxb6 Rxb6 27. Rf2 Re7 28. Rb2 Rc6 29. Re3 Rc5 30. Rbe2 Rc4 31. h3 h5 32. gxh5 gxh5 33. Rd2 Rc5 34. Kf2 Kg6 35. Rd4 Rcxe5 36. Rxe5 Rxe5 37. Rxd7 Rc5 38. Rd3 Kf5 39. Kf3 Ke5 40. Kg3 Rc4 41. Re3+ Kf5 42. h4 Rg4+ 43. Kh3 Ra4 44. Re2 Ra3 45. Rc2 b4 46. Kg2 bxc3 47. Kf3 Ke5 48. Ke3 Kf5 49. Kd3 Kg4 50. Rxc3 Rxa2 51. Rc4+ Kg3 52. Ke3 Ra8 53. Ke2 Kg2 54. Rc5 Re8+ 55. Kd3 Rh8 56. Ke2 Kg3 57. Kf1 Rf8+ 58. Kg1 Ra8 59. Rc3+ Kg4 60. Kh2 Ra2+ 61. Kg1 Kxh4 62. Rb3 Kg4 63. Rc3 Ra4 64. Rb3 h4 65. Rc3 Kh5 66. Rb3 Rg4+ 67. Kh2 Rg5 68. Rc3 Kg4 69. Kg1 Kf4+ 70. Kh2 Rg3 71. Rc4+ Kg5 72. Rc5+ Kg4 73. Rc4+ Kh5 74. Rc5+ Kh6 75. Rc4 Kh5 76. Rc5+ Rg5 77. Rc4 Rg3 1/2-1/2

[Event "Biel HTO 56th"]
[Site "Biel"]
[Date "2023.07.26"]
[Round "9"]
[White "Asllani, Dorian"]
[Black "Foerster Yialamas, Lucas"]
[Result "1-0"]
[WhiteElo "2272"]
[BlackElo "2157"]
[PlyCount "69"]
[EventDate "2023.07.17"]
[EventType "swiss"]
[EventRounds "10"]
[EventCountry "SUI"]
[SourceTitle "CBM 215 Extra"]
[Source "ChessBase"]
[SourceDate "2023.09.30"]
[SourceVersion "1"]
[SourceVersionDate "2023.09.30"]
[SourceQuality "1"]

1. d4 d5 2. c4 c6 3. Nc3 Nf6 4. e3 e6 5. Nf3 Nbd7 6. Bd3 dxc4 7. Bxc4 b5 8. Bd3 Bb7 9. 0-0 a6 10. e4 c5 11. d5 Qc7 12. dxe6 fxe6 13. Bc2 c4 14. Ng5 Qc6 15. Qf3 Ne5 16. Qh3 Bc8 17. Ne2 Bc5 18. Bf4 Nd3 19. e5 Ne4 20. Bxd3 cxd3 21. Qxd3 Nxg5 22. Bxg5 Bb7 23. Qg3 0-0 24. Nf4 Bd4 25. Rac1 Qe4 26. Rfe1 Qf5 27. Rc7 Rf7 28. Rxf7 Kxf7 29. Rd1 h6 30. Ne2 Bxe5 31. Bf4 Bxf4 32. Nxf4 Rd8 33. Re1 g5 34. Ne2 Kg6 35. h4 1-0

[Event "GER-ch U16"]
[Site "Willingen"]
[Date "2023.06.03"]
[Round "9"]
[White "Foerster Yialamas, Lucas"]
[Black "Metzdorf, Matteo"]
[Result "1-0"]
[WhiteElo "2151"]
[BlackElo "2099"]
[PlyCount "91"]
[EventDate "2023.05.27"]
[EventType "swiss"]
[EventRounds "9"]
[EventCountry "GER"]
[SourceTitle "CBM 214 Extra"]
[Source "ChessBase"]
[SourceDate "2023.07.31"]
[SourceVersion "1"]
[SourceVersionDate "2023.07.31"]
[SourceQuality "1"]

1. e4 c5 2. Nf3 e6 3. d4 cxd4 4. Nxd4 a6 5. Nc3 Qc7 6. a3 Nf6 7. f4 d6 8. Be3 b5 9. g4 Bb7 10. Bg2 Nc6 11. g5 Nd7 12. f5 Nxd4 13. Bxd4 Ne5 14. fxe6 fxe6 15. Qh5+ g6 16. Qh3 Qe7 17. Bxe5 dxe5 18. Qg4 Bg7 19. Bh3 Bc8 20. 0-0-0 0-0 21. Rhf1 Rb8 22. Rxf8+ Bxf8 23. Qg3 Bg7 24. Kb1 b4 25. axb4 Rxb4 26. Nd5 exd5 27. Bxc8 d4 28. Qa3 Bf8 29. Qxa6 Qc7 30. Qe6+ Kh8 31. Rf1 Qe7 32. Qd5 Qd6 33. Qf7 Rb8 34. Qxf8+ Qxf8 35. Rxf8+ Kg7 36. Rd8 h6 37. h4 Rb6 38. Rd7+ Kh8 39. Re7 Rb5 40. gxh6 Rb8 41. h5 Rxc8 42. hxg6 Kg8 43. Rf7 Rb8 44. h7+ Kh8 45. g7+ Kxh7 46. Rf8 1-0

[Event "GER-ch U16"]
[Site "Willingen"]
[Date "2023.05.31"]
[Round "6"]
[White "Foerster Yialamas, Lucas"]
[Black "Heinrich, John"]
[Result "1-0"]
[WhiteElo "2151"]
[BlackElo "2150"]
[PlyCount "51"]
[EventDate "2023.05.27"]
[EventType "swiss"]
[EventRounds "9"]
[EventCountry "GER"]
[SourceTitle "CBM 214 Extra"]
[Source "ChessBase"]
[SourceDate "2023.07.31"]
[SourceVersion "1"]
[SourceVersionDate "2023.07.31"]
[SourceQuality "1"]

1. e4 c5 2. Nf3 d6 3. d4 cxd4 4. Nxd4 Nf6 5. Nc3 a6 6. f3 e6 7. Be3 b5 8. Qd2 Nbd7 9. g4 h6 10. 0-0-0 b4 11. Nce2 d5 12. exd5 Nxd5 13. Nf4 Bb7 14. Bc4 N7b6 15. Bxd5 Nxd5 16. Rhe1 Qa5 17. Nb3 Qxa2 18. Nxd5 Bxd5 19. Bg5 Kd7 20. Qf4 Ke8 21. Rxd5 hxg5 22. Qc7 Qa4 23. Qb7 Rd8 24. Rxd8+ Kxd8 25. Rd1+ Ke8 26. Qc8+ 1-0

[Event "GER-ch U16"]
[Site "Willingen"]
[Date "2023.05.30"]
[Round "4"]
[White "Hecht, Jonas Christian"]
[Black "Foerster Yialamas, Lucas"]
[Result "0-1"]
[WhiteElo "1949"]
[BlackElo "2151"]
[PlyCount "70"]
[EventDate "2023.05.27"]
[EventType "swiss"]
[EventRounds "9"]
[EventCountry "GER"]
[SourceTitle "CBM 214 Extra"]
[Source "ChessBase"]
[SourceDate "2023.07.31"]
[SourceVersion "1"]
[SourceVersionDate "2023.07.31"]
[SourceQuality "1"]

1. e4 c5 2. Nf3 d6 3. d4 cxd4 4. Nxd4 Nf6 5. Nc3 a6 6. Be3 e5 7. Nb3 Be6 8. f3 h5 9. Qd2 Nbd7 10. 0-0-0 Rc8 11. Nd5 Nxd5 12. exd5 Bf5 13. Bd3 Bxd3 14. Qxd3 Be7 15. Kb1 Bg5 16. Bf2 Qc7 17. h4 Bh6 18. Rhg1 g6 19. c3 Nb6 20. Bxb6 Qxb6 21. g4 Bf4 22. gxh5 gxh5 23. Qf5 Qd8 24. Rg7 Rc7 25. Rdg1 Kf8 26. c4 Be3 27. R1g2 Qxh4 28. c5 Bxc5 29. Nxc5 Qe1+ 30. Kc2 Rxc5+ 31. Kb3 Qd1+ 32. Ka3 Ra5+ 33. Kb4 Ra4+ 34. Kc3 Qd4+ 35. Kc2 Rc4+ 0-1

[Event "Titled Tuesday intern op 09th May Late"]
[Site "Chess.com INT"]
[Date "2023.05.09"]
[Round "3"]
[White "Foerster Yialamas, Lucas"]
[Black "Lenaerts, Lennert"]
[Result "0-1"]
[WhiteElo "2151"]
[BlackElo "2360"]
[PlyCount "140"]
[EventDate "2023.05.09"]
[EventType "swiss (blitz)"]
[EventRounds "11"]
[EventCountry "USA"]
[SourceTitle "CBM 214 Extra"]
[Source "ChessBase"]
[SourceDate "2023.07.31"]
[SourceVersion "1"]
[SourceVersionDate "2023.07.31"]
[SourceQuality "1"]

1. e4 e5 2. Nf3 Nc6 3. Bc4 Bc5 4. c3 Nf6 5. d4 exd4 6. 0-0 Nxe4 7. cxd4 d5 8. dxc5 dxc4 9. Qe2 Qd3 10. Re1 f5 11. Nc3 0-0 12. Nxe4 fxe4 13. Qxe4 Bf5 14. Qxd3 cxd3 15. a3 a5 16. Bd2 Rfe8 17. Bc3 h6 18. b4 axb4 19. axb4 Rxa1 20. Rxa1 Ne7 21. Re1 Kf8 22. b5 Ra8 23. Ne5 Nd5 24. Bd2 Ra2 25. Rd1 Rb2 26. g4 Bh7 27. b6 cxb6 28. Nc4 Rb5 29. Nxb6 Nxb6 30. cxb6 Rxb6 31. Be3 Rb2 32. Rd2 Rb1+ 33. Kg2 b5 34. Kf3 b4 35. Kf4 b3 36. Ke5 Kf7 37. Kd4 Ke6 38. Kc3 Kd5 39. f3 Bg6 40. h4 Bh7 41. h5 Ke6 42. f4 Be4 43. g5 Kf5 44. Rf2 Kg4 45. gxh6 gxh6 46. f5 Kxh5 47. f6 Bg6 48. f7 Bxf7 49. Rxf7 b2 50. Rb7 Re1 51. Bxh6 b1Q 52. Rxb1 Rxb1 53. Bd2 Kg4 54. Kxd3 Kf3 55. Kc2 Rb7 56. Kd3 Rd7+ 57. Kc3 Ke4 58. Bg5 Rd3+ 59. Kc4 Rg3 60. Be7 Rg7 61. Bc5 Rc7 62. Kb5 Kd5 63. Bb6 Rb7 64. Ka6 Kc6 65. Bf2 Rb2 66. Be1 Ra2+ 67. Ba5 Ra1 68. Ka7 Rxa5+ 69. Kb8 Ra4 70. Kc8 Ra8# 0-1

[Event "Titled Tuesday intern op 02nd May Late"]
[Site "Chess.com INT"]
[Date "2023.05.02"]
[Round "1"]
[White "Foerster Yialamas, Lucas"]
[Black "Djordjevic, Vuk D"]
[Result "0-1"]
[WhiteElo "2151"]
[BlackElo "2375"]
[PlyCount "260"]
[EventDate "2023.05.02"]
[EventType "swiss (blitz)"]
[EventRounds "11"]
[EventCountry "USA"]
[SourceTitle "EXT 2024"]
[Source "ChessBase"]
[SourceDate "2023.10.10"]
[SourceVersion "1"]
[SourceVersionDate "2023.10.10"]
[SourceQuality "1"]

1. e4 d5 2. exd5 Qxd5 3. Nc3 Qd6 4. d4 Nf6 5. Nf3 c6 6. Ne5 Nbd7 7. Bf4 Nd5 8. Nxd5 Qxd5 9. Bc4 Qe4+ 10. Qe2 Qxf4 11. Nxf7 Rg8 12. g3 Qc7 13. Ng5 Qa5+ 14. b4 Qxg5 15. Bxg8 Nf6 16. Be6 Bxe6 17. Qxe6 Qd5 18. Qxd5 cxd5 19. 0-0 Rc8 20. Rfe1 Rxc2 21. Re3 Rc4 22. Ra3 Rxd4 23. Rxa7 Rxb4 24. Rc1 g5 25. Rc7 b6 26. a3 Rb1+ 27. Kg2 Rb2 28. Rcb7 Ne4 29. a4 Rxf2+ 30. Kg1 d4 31. Rxb6 d3 32. Rb8+ Kf7 33. Rd7 d2 34. a5 Nd6 35. Rb1 Re2 36. Kf1 Rxh2 37. Rd1 Ne4 38. a6 Nc5 39. a7 Nxd7 40. a8Q Nf6 41. Qf3 g4 42. Qb3+ Kg7 43. Qb2 Rh3 44. Qxd2 Rxg3 45. Qg5+ Kf7 46. Qe5 Rf3+ 47. Kg2 Rh3 48. Qf5 Rh5 49. Qf4 Bh6 50. Qc4+ Kg7 51. Rf1 Kf8 52. Qc8+ Kf7 53. Qc4+ Kf8 54. Qc8+ Kg7 55. Re1 Kf7 56. Qb7 Bf8 57. Qb3+ Kg7 58. Qd3 Rg5 59. Re6 h6 60. Qe3 Nh5 61. Rxe7+ Bxe7 62. Qxe7+ Kg6 63. Qe6+ Nf6 64. Qa6 h5 65. Qd3+ Kg7 66. Qa6 Rd5 67. Qb7+ Kg6 68. Qc6 h4 69. Qa8 Rd2+ 70. Kf1 h3 71. Qa4 Rd5 72. Qc2+ Kg5 73. Qc1+ Kg6 74. Qc2+ Rf5+ 75. Kg1 Nd5 76. Kh2 Kg5 77. Qc8 Ne3 78. Qg8+ Kf4 79. Qb8+ Kf3 80. Qb7+ Rd5 81. Qf7+ Ke4 82. Qe6+ Kd3 83. Qg6+ Rf5 84. Qd6+ Ke2 85. Qa6+ Kf2 86. Qa2+ Kf3 87. Qa8+ Rd5 88. Qf8+ Nf5 89. Qa8 Ke4 90. Qa4+ Rd4 91. Qc2+ Kf4 92. Qc1+ Ke5 93. Qc5+ Kf6 94. Qf8+ Kg5 95. Qg8+ Kf4 96. Qb8+ Rd6 97. Qb4+ Kg5 98. Qc3 Re6 99. Qc1+ Kg6 100. Qc2 Kf6 101. Qc3+ Re5 102. Qc6+ Kg5 103. Qc1+ Ne3 104. Qd2 Kh5 105. Qd8 Re6 106. Qh8+ Kg5 107. Qg7+ Kf4 108. Qf7+ Ke5 109. Qc7+ Kf5 110. Qc5+ Kf4 111. Qd4+ Re4 112. Qf6+ Nf5 113. Qb2 Re3 114. Qb4+ Kg5 115. Qb8 Re2+ 116. Kg1 h2+ 117. Kf1 h1Q+ 118. Kxe2 Qf3+ 119. Ke1 Qe4+ 120. Kf1 Qf4+ 121. Qxf4+ Kxf4 122. Kg2 Ng7 123. Kg1 g3 124. Kg2 Kg4 125. Kh1 Kf3 126. Kg1 g2 127. Kh2 Kf2 128. Kh3 g1Q 129. Kh4 Kf3 130. Kh3 Qh1# 0-1

[Event "Titled Tuesday intern op 25th Apr Early"]
[Site "Chess.com INT"]
[Date "2023.04.25"]
[Round "2"]
[White "Ramirez, Maria Eugenia"]
[Black "Foerster Yialamas, Lucas"]
[Result "1/2-1/2"]
[WhiteElo "1941"]
[BlackElo "2205"]
[PlyCount "145"]
[EventDate "2023.04.25"]
[EventType "swiss (blitz)"]
[EventRounds "11"]
[EventCountry "USA"]
[SourceTitle "EXT 2024"]
[Source "ChessBase"]
[SourceDate "2023.10.10"]
[SourceVersion "1"]
[SourceVersionDate "2023.10.10"]
[SourceQuality "1"]

1. e4 e6 2. d4 d5 3. exd5 exd5 4. c4 c6 5. Nf3 Nf6 6. Be2 Bb4+ 7. Nc3 0-0 8. 0-0 Bxc3 9. bxc3 Ne4 10. Qc2 Bf5 11. Qb3 Qb6 12. Qxb6 axb6 13. Bb2 Nd7 14. cxd5 cxd5 15. Nh4 Be6 16. f3 Nd6 17. f4 Nc4 18. Bc1 Nf6 19. Bxc4 dxc4 20. f5 Bd5 21. Bf4 Be4 22. Be5 Nd5 23. f6 g6 24. Bd6 Rfe8 25. Bb4 Nxb4 26. cxb4 c3 27. Nf3 c2 28. Rfc1 Rec8 29. Kf2 Rc4 30. Nd2 Rxd4 31. Nxe4 Rxe4 32. Rxc2 Rxb4 33. Rac1 h5 34. Rc8+ Rxc8 35. Rxc8+ Kh7 36. Rc7 Rf4+ 37. Ke3 Rxf6 38. Rxb7 Re6+ 39. Kf3 Kg7 40. h4 Kf6 41. a4 Rd6 42. Ra7 Ke6 43. a5 bxa5 44. Rxa5 Rd3+ 45. Kf4 Rd4+ 46. Kg3 Rc4 47. Ra6+ Ke5 48. Ra5+ Ke4 49. Kh3 Rc3+ 50. g3 f6 51. Ra4+ Ke5 52. Rf4 g5 53. hxg5 fxg5 54. Rf2 Rc1 55. Kg2 g4 56. Ra2 Kd5 57. Ra5+ Rc5 58. Ra8 Rc2+ 59. Kg1 Kd4 60. Re8 Rc3 61. Kg2 Rc5 62. Rd8+ Rd5 63. Re8 Kd3 64. Rh8 Re5 65. Rd8+ Ke4 66. Rf8 Ra5 67. Re8+ Kf5 68. Rf8+ Kg6 69. Rg8+ Kh7 70. Rf8 Kg6 71. Rg8+ Kf7 72. Rh8 Kg6 73. Rg8+ 1/2-1/2